|
|
|
|
| LEADER |
00840nam a2200265 a 4500 |
| 001 |
42374 |
| 003 |
BD-DhAAL |
| 005 |
20240305141840.0 |
| 008 |
940908r19951994nyu 000 1 eng |
| 010 |
|
|
|a 94036703
|
| 020 |
|
|
|a 0393312801
|
| 040 |
|
|
|a DLC
|c DLC
|d DLC
|d BD-DhAAL
|
| 043 |
|
|
|a e-uk-st
|
| 050 |
0 |
0 |
|a PR6073.E47
|b A64 1995
|
| 082 |
0 |
0 |
|a 823.914
|2 20
|
| 100 |
1 |
|
|a Welsh, Irvine.
|9 56082
|
| 245 |
1 |
4 |
|a The acid house /
|c Irvine Welsh.
|
| 260 |
|
|
|a New York :
|b Norton,
|c 1995.
|
| 300 |
|
|
|a 289 pages ;
|c 21 cm.
|
| 541 |
|
|
|e 42374
|
| 651 |
|
0 |
|a Scotland
|x Social life and customs
|x Fiction.
|9 6268
|
| 852 |
|
|
|a Saver campus library
|
| 942 |
|
|
|2 ddc
|c BK
|
| 999 |
|
|
|c 46440
|d 46440
|
| 952 |
|
|
|0 0
|1 0
|2 ddc
|4 0
|6 823_914000000000000_WEL
|7 0
|9 75220
|a SCL
|b SCL
|c GEN
|d 2024-03-05
|l 1
|m 8
|o 823.914 WEL
|p 3020042374
|r 2025-09-14
|s 2025-07-01
|t 1
|w 2024-03-05
|y BK
|